000 00642nam a2200205Ia 4500
005 20250508150438.0
008 008 250505s9999 xx 000 0 eng d
037 _aTextual
040 _aFEDL
_beng
_cFEDL
041 _aeng
_2eng
084 _a372.45, MCC
_qFEDL
100 _aMcCullough Constance M
_9150774
245 0 _aProblems in the improvement of reading
260 _aNew York, USA
_bMcGraw Hill Book Company Inc.
_c1946
300 _axiv,406p
490 _aMcGraw - Hill series in education `
700 _a Strang Ruth M Traxler Arthur E
_9756713
942 _cTEXL
_h372.45, MCC
999 _c1323694
_d1323694